[Event "España tch 1a Division Sur"]
[Site "Burguillos ESP"]
[Date "2007.08.23"]
[Round "3.84"]
[White "Lopez Gonzalez, Daniel"]
[Black "Ponce Valero, Juan Antonio"]
[Result "1-0"]
[WhiteElo "2184"]
[BlackElo "1986"]
[PlyCount "89"]
[EventDate "2007.08.22"]
[EventType "team"]
[EventRounds "1"]
[EventCountry "ESP"]
[EventCategory "1"]
[Source "lmi"]
[SourceDate "2007.08.22"]
[WhiteTeam "Laurus Ronda"]
[BlackTeam "Totana"]

1. Nf3 d5 2. d4 Nf6 3. c4 e6 4. Nc3 Be7 5. Bg5 O-O 6. e3 b6 7. Qc2 Bb7 8. Rc1
Nbd7 9. a3 c5 10. cxd5 exd5 11. Bd3 h6 12. Bf4 Nh5 13. Bg3 Nxg3 14. hxg3 Bf6
15. O-O Qe7 16. Rfd1 Rfd8 17. Bh7+ Kh8 18. Bf5 g6 19. Bxd7 cxd4 20. Nxd4 Rxd7
21. Qa4 a6 22. Rd2 Rc8 23. Rcd1 b5 24. Qb3 h5 25. Nde2 Rcd8 26. Nd4 h4 27. gxh4
Bxh4 28. Nc2 Bf6 29. a4 bxa4 30. Qxa4 Be5 31. g3 Bxc3 32. bxc3 Qe5 33. Rd4 Rc7
34. Qb4 Rdc8 35. Ne1 Ba8 36. Nf3 Qf6 37. Kg2 Rxc3 38. Rh1+ Kg8 39. Rf4 R3c4 40.
Qxc4 dxc4 41. Rxf6 c3 42. Rxa6 Bb7 43. Rb6 Rb8 44. Rxb7 Rxb7 45. Rc1 1-0

[Event "España tch 1a Division Sur"]
[Site "Burguillos ESP"]
[Date "2007.08.23"]
[Round "3.91"]
[White "Martinez Martin, David"]
[Black "Razola, Garcia Joaquin"]
[Result "1-0"]
[WhiteElo "2411"]
[BlackElo "2138"]
[PlyCount "89"]
[EventDate "2007.08.22"]
[EventType "team"]
[EventRounds "1"]
[EventCountry "ESP"]
[EventCategory "1"]
[Source "lmi"]
[SourceDate "2007.08.22"]
[WhiteTeam "Virgen de Atocha"]
[BlackTeam "Sobre Ruedas"]

1. Nf3 Nf6 2. c4 g6 3. Nc3 Bg7 4. d4 O-O 5. e4 d6 6. Be2 Nc6 7. d5 Nb8 8. O-O
e6 9. Be3 exd5 10. cxd5 Bg4 11. Nd2 Bxe2 12. Qxe2 Nbd7 13. Rac1 a6 14. Nc4 Re8
15. f3 b6 16. Qd2 Ne5 17. Nxe5 Rxe5 18. Ne2 Qe8 19. Bd4 Re7 20. Rc4 b5 21. Rc2
Qf8 22. Qc3 Ne8 23. Bxg7 Nxg7 24. Nd4 Qc8 25. Nc6 Re8 26. Rfc1 Qd7 27. Qd4 Rf8
28. Qf6 Rfe8 29. Nb4 Rec8 30. Rc6 a5 31. Nd3 Ne8 32. Qd4 f6 33. Nf4 Kf7 34. Ne6
Rab8 35. Qa7 Ra8 36. Qe3 Kg8 37. f4 Rab8 38. f5 Rb7 39. fxg6 hxg6 40. Qh6 Qf7
41. R1c3 Ng7 42. Rh3 Nh5 43. g4 Rb6 44. gxh5 Rxc6 45. hxg6 1-0

[Event "España tch 1a Division Sur"]
[Site "Burguillos ESP"]
[Date "2007.08.23"]
[Round "3.92"]
[White "Medina Romero, Jose"]
[Black "Rabadan Velasco, Raul"]
[Result "0-1"]
[WhiteElo "2062"]
[BlackElo "2325"]
[PlyCount "82"]
[EventDate "2007.08.22"]
[EventType "team"]
[EventRounds "1"]
[EventCountry "ESP"]
[EventCategory "1"]
[Source "lmi"]
[SourceDate "2007.08.22"]
[WhiteTeam "Sobre Ruedas"]
[BlackTeam "El Retiro"]

1. g4 e5 2. d3 d5 3. h3 Be6 4. Bg2 Nc6 5. Nc3 Qd7 6. e4 d4 7. Nce2 Nge7 8. f4
exf4 9. Nxf4 Ng6 10. Nxe6 fxe6 11. Nf3 Bb4+ 12. Bd2 a5 13. O-O O-O 14. a3 Bxd2
15. Qxd2 Qd6 16. e5 Ngxe5 17. Ng5 h6 18. Ne4 Qe7 19. Rxf8+ Rxf8 20. Rf1 Rxf1+
21. Kxf1 b6 22. Qf2 Qf8 23. Qxf8+ Kxf8 24. Ke2 Ke7 25. Nd2 Na7 26. Ne4 a4 27.
Kd2 Nb5 28. Ke2 c5 29. Kd2 Nd6 30. Nxd6 Kxd6 31. Ke2 b5 32. Bb7 Ng6 33. Kf3 Ne7
34. Kf4 Nd5+ 35. Ke4 Ne3 36. Ba6 b4 37. axb4 cxb4 38. Kxd4 a3 39. bxa3 bxa3 40.
Kc3 a2 41. Kb2 Nxc2 0-1

[Event "España tch 1a Division Sur"]
[Site "Burguillos ESP"]
[Date "2007.08.24"]
[Round "4.12"]
[White "Spraggett, Kevin"]
[Black "Fernandez Romero, Ernesto"]
[Result "1-0"]
[WhiteElo "2585"]
[BlackElo "2450"]
[PlyCount "73"]
[EventDate "2007.08.22"]
[EventType "team"]
[EventRounds "1"]
[EventCountry "ESP"]
[EventCategory "1"]
[Source "lmi"]
[SourceDate "2007.08.22"]

1. e4 c5 2. Nf3 Nc6 3. d4 cxd4 4. Nxd4 Nf6 5. Nc3 d6 6. Bg5 e6 7. Qd2 a6 8.
O-O-O h6 9. Be3 Bd7 10. f3 Be7 11. Kb1 Rc8 12. g4 Ne5 13. h4 b5 14. a3 Qc7 15.
Be2 Nc4 16. Bxc4 Qxc4 17. g5 Nh5 18. gxh6 g6 19. Bg5 f6 20. Be3 a5 21. Qg2 Kf7
22. Rhg1 Rcg8 23. Nb3 a4 24. Rd4 Qc6 25. Nc1 e5 26. Rb4 d5 27. exd5 Qa6 28. Nd3
Bxb4 29. Nxb4 Qa8 30. Qd2 f5 31. Nd3 Qb8 32. d6 Re8 33. Nc5 Bc6 34. d7 Reg8 35.
Bg5 Bxf3 36. Nxb5 Nf6 37. Nd6+ 1-0

[Event "España tch 1a Division Sur"]
[Site "Burguillos ESP"]
[Date "2007.08.24"]
[Round "4.13"]
[White "Glud, Jakob Vang"]
[Black "Romero Holmes, Alfonso"]
[Result "1-0"]
[WhiteElo "2424"]
[BlackElo "2519"]
[PlyCount "81"]
[EventDate "2007.08.22"]
[EventType "team"]
[EventRounds "1"]
[EventCountry "ESP"]
[EventCategory "1"]
[Source "lmi"]
[SourceDate "2007.08.22"]

1. d4 Nf6 2. Nf3 g6 3. g3 Bg7 4. Bg2 O-O 5. O-O d6 6. c4 Bg4 7. h3 Bxf3 8. Bxf3
Nc6 9. Nc3 Nd7 10. e3 e5 11. d5 Ne7 12. e4 f5 13. Bd2 Nf6 14. Rc1 Qd7 15. Kg2
Rf7 16. Qb3 c6 17. Bg5 cxd5 18. cxd5 fxe4 19. Bxe4 Nf5 20. Qb4 Raf8 21. Bxf5
gxf5 22. Bxf6 Bxf6 23. Nb5 Bd8 24. f4 a5 25. Qc4 Bb6 26. a4 e4 27. Nd4 Bxd4 28.
Qxd4 e3 29. Rfe1 Re8 30. Rxe3 Rxe3 31. Qxe3 Qxa4 32. h4 Qd7 33. h5 Re7 34. Qd4
Qe8 35. h6 Qg6 36. Rc8+ Kf7 37. Qh8 Re2+ 38. Kf1 Re1+ 39. Kf2 Re2+ 40. Kxe2
Qh5+ 41. Ke3 1-0

[Event "España tch 1a Division Sur"]
[Site "Burguillos ESP"]
[Date "2007.08.24"]
[Round "4.14"]
[White "Gomez Esteban, Juan Mario"]
[Black "Mascaro March, Pedro"]
[Result "1/2-1/2"]
[WhiteElo "2482"]
[BlackElo "2390"]
[PlyCount "102"]
[EventDate "2007.08.22"]
[EventType "team"]
[EventRounds "1"]
[EventCountry "ESP"]
[EventCategory "1"]
[Source "lmi"]
[SourceDate "2007.08.22"]

1. Nf3 c5 2. c4 g6 3. d4 cxd4 4. Nxd4 Bg7 5. e4 Nc6 6. Be3 Nf6 7. Nc3 d6 8. Be2
O-O 9. O-O Nxd4 10. Bxd4 Be6 11. f4 Qa5 12. Kh1 Rfc8 13. b3 Re8 14. Bf3 Rad8
15. a3 Nd7 16. f5 gxf5 17. exf5 Bxf5 18. b4 Qc7 19. Nd5 Qxc4 20. Bxg7 Kxg7 21.
Ne3 Qd3 22. Nxf5+ Qxf5 23. Bd5 Qg5 24. Rxf7+ Kh8 25. Bxb7 Ne5 26. Qd4 Rf8 27.
Rff1 Rg8 28. Rae1 Rd7 29. Be4 Rc7 30. Rf7 Rg7 31. Rf8+ Rg8 32. Rxg8+ Kxg8 33.
h3 Rc1 34. Qf2 e6 35. Rxc1 Qxc1+ 36. Kh2 Qxa3 37. Qf6 Qxb4 38. Qxe6+ Kg7 39.
Qf5 Ng6 40. Qd7+ Kh6 41. Bxg6 Qf4+ 42. Kh1 Qf1+ 43. Kh2 Qf4+ 44. Kh1 hxg6 45.
Qxa7 d5 46. Qa8 Qf1+ 47. Kh2 Qf4+ 48. Kh1 Qe5 49. Qf8+ Kh5 50. Qf3+ Kg5 51. g3
Qe1+ 1/2-1/2

[Event "España tch 1a Division Sur"]
[Site "Burguillos ESP"]
[Date "2007.08.24"]
[Round "4.22"]
[White "De La Villa Garcia, Jesus Maria"]
[Black "De La Cruz Sanchez, Carlos Gustavo"]
[Result "1-0"]
[WhiteElo "2457"]
[BlackElo "2278"]
[PlyCount "55"]
[EventDate "2007.08.22"]
[EventType "team"]
[EventRounds "1"]
[EventCountry "ESP"]
[EventCategory "1"]
[Source "lmi"]
[SourceDate "2007.08.22"]

1. e4 e6 2. d4 d5 3. Nc3 Bb4 4. e5 c5 5. Bd2 Ne7 6. dxc5 Nbc6 7. Qg4 O-O 8.
O-O-O f5 9. exf6 Rxf6 10. Bd3 e5 11. Qh5 Bf5 12. Bg5 Rf7 13. Bc4 Bxc3 14. Bxd5
Qxd5 15. Rxd5 Nxd5 16. bxc3 Bg6 17. Qe2 Nxc3 18. Qc4 Ne4 19. Nf3 Kh8 20. h4
Raf8 21. h5 Bf5 22. h6 g6 23. Re1 Nxg5 24. Nxg5 Rd7 25. Rd1 Rc7 26. f4 b6 27.
Ne6 b5 28. Qd5 1-0

[Event "España tch 1a Division Sur"]
[Site "Burguillos ESP"]
[Date "2007.08.24"]
[Round "4.23"]
[White "Hernandez Leon, Alberto"]
[Black "Huerga Leache, Mikel"]
[Result "0-1"]
[WhiteElo "2275"]
[BlackElo "2370"]
[PlyCount "120"]
[EventDate "2007.08.22"]
[EventType "team"]
[EventRounds "1"]
[EventCountry "ESP"]
[EventCategory "1"]
[Source "lmi"]
[SourceDate "2007.08.22"]

1. e4 e6 2. d4 d5 3. Nc3 Bb4 4. e5 Ne7 5. Bd2 Bxc3 6. Bxc3 b6 7. Nh3 c5 8. Nf4
Ba6 9. Bxa6 Nxa6 10. Nh5 O-O 11. Qg4 Ng6 12. h4 cxd4 13. Bxd4 Nb4 14. O-O-O Qc7
15. c3 Qc4 16. a3 Nd3+ 17. Rxd3 Qxd3 18. Ng3 Ne7 19. h5 h6 20. Rd1 Qh7 21. f4
Rac8 22. Rf1 Nf5 23. Nxf5 Qxf5 24. Qxf5 exf5 25. Kd2 Kh7 26. Ke3 g6 27. Rh1 Rg8
28. Kf3 g5 29. g3 gxf4 30. gxf4 Rg4 31. Rh2 Rcg8 32. Bf2 R8g7 33. a4 Kg8 34.
Rh3 Rg2 35. b3 R7g4 36. Rh1 Kf8 37. Rh3 Ke8 38. Rh1 Ke7 39. Rh3 Ke6 40. Rh1 Rg8
41. Rh3 Kd7 42. Ke3 Rc8 43. Ke2 Ke6 44. Kf3 Rg4 45. Bd4 Rc6 46. Rh2 a6 47. Rh1
Rc8 48. Rh2 Rcg8 49. Rh3 b5 50. a5 Rb8 51. Bc5 Rc8 52. b4 Rcg8 53. Bb6 Rg2 54.
Bd4 Rd2 55. Rh1 Rgg2 56. Be3 Rh2 57. Rxh2 Rxh2 58. Bf2 Rh3+ 59. Bg3 d4 60. cxd4
Kd5 0-1

[Event "España tch 1a Division Sur"]
[Site "Burguillos ESP"]
[Date "2007.08.24"]
[Round "4.24"]
[White "Navarro Cia, Miguel"]
[Black "Perez Felipe, Marcos Adrian"]
[Result "1/2-1/2"]
[WhiteElo "2356"]
[BlackElo "2171"]
[PlyCount "95"]
[EventDate "2007.08.22"]
[EventType "team"]
[EventRounds "1"]
[EventCountry "ESP"]
[EventCategory "1"]
[Source "lmi"]
[SourceDate "2007.08.22"]

1. e4 c5 2. Nf3 d6 3. d4 cxd4 4. Nxd4 Nf6 5. f3 a6 6. c4 e6 7. Nc3 Be7 8. Be3
O-O 9. Be2 Qc7 10. O-O Nbd7 11. Rc1 b6 12. Qd2 Bb7 13. Rc2 Rac8 14. Rb1 Qb8 15.
Kh1 Kh8 16. b4 Qa8 17. Na4 Bd8 18. Nb3 Bc7 19. Bf1 Bc6 20. Nc3 Bb7 21. a4 Ne5
22. Rcb2 d5 23. exd5 exd5 24. c5 Nc4 25. Bxc4 dxc4 26. cxb6 Rfd8 27. Qf2 Be5
28. Nd4 Rd6 29. a5 Rcd8 30. Rd2 Qc8 31. Rbd1 h6 32. b5 axb5 33. Ndxb5 Rd3 34.
Rxd3 cxd3 35. Qd2 Qf5 36. f4 Bxc3 37. Nxc3 Qxa5 38. h3 Qb4 39. Rb1 Qc4 40. Kh2
Rc8 41. Rc1 Rd8 42. Re1 Kh7 43. Ra1 Qc6 44. Ra5 Ne4 45. Nxe4 Qxe4 46. Re5 Qc6
47. Re7 Rd7 48. Rxd7 1/2-1/2

[Event "España tch 1a Division Sur"]
[Site "Burguillos ESP"]
[Date "2007.08.24"]
[Round "4.32"]
[White "Gonzalez Somoza, Oliver"]
[Black "Oms Pallise, Josep"]
[Result "1/2-1/2"]
[WhiteElo "2343"]
[BlackElo "2517"]
[PlyCount "84"]
[EventDate "2007.08.22"]
[EventType "team"]
[EventRounds "1"]
[EventCountry "ESP"]
[EventCategory "1"]
[Source "lmi"]
[SourceDate "2007.08.22"]

1. d4 d5 2. c4 c6 3. Nf3 Nf6 4. Nbd2 g6 5. g3 Bg7 6. Bg2 O-O 7. O-O Nbd7 8. Qc2
Nb6 9. c5 Nbd7 10. b4 e5 11. dxe5 Ng4 12. Bb2 Ndxe5 13. e4 dxe4 14. Nxe5 Bxe5
15. Nxe4 Bf5 16. Bxe5 Nxe5 17. Rad1 Qe7 18. Rfe1 Rad8 19. Qe2 Rxd1 20. Qxd1 Bg4
21. Qa1 Bf3 22. Qc3 Bxg2 23. Kxg2 Qe6 24. Qd4 h6 25. Qd6 Qxd6 26. Nxd6 Nd3 27.
Re4 b6 28. cxb6 axb6 29. Rd4 Ne5 30. f4 Ng4 31. h3 Nf6 32. Nc4 Ra8 33. Nxb6
Rxa2+ 34. Kf3 Ra3+ 35. Kg2 Rb3 36. Rc4 Kg7 37. g4 g5 38. fxg5 hxg5 39. Kh2 Rb2+
40. Kg3 Rb3+ 41. Kh2 Rb2+ 42. Kg3 Rb3+ 1/2-1/2

[Event "España tch 1a Division Sur"]
[Site "Burguillos ESP"]
[Date "2007.08.24"]
[Round "4.33"]
[White "Baches Garcia, Guillermo"]
[Black "Rabadan Velasco, Raul"]
[Result "1/2-1/2"]
[WhiteElo "2373"]
[BlackElo "2325"]
[PlyCount "37"]
[EventDate "2007.08.22"]
[EventType "team"]
[EventRounds "1"]
[EventCountry "ESP"]
[EventCategory "1"]
[Source "lmi"]
[SourceDate "2007.08.22"]

1. e4 c5 2. Nf3 d6 3. d4 cxd4 4. Nxd4 Nf6 5. Nc3 a6 6. Be2 e6 7. O-O b5 8. Bf3
Ra7 9. Be3 Rd7 10. a3 Bb7 11. Qe2 Rc7 12. Nb3 Nbd7 13. Rfd1 Qa8 14. Na5 Ne5 15.
Nxb7 Nxf3+ 16. Qxf3 Qxb7 17. Bf4 Rd7 18. Rd3 Be7 19. b4 1/2-1/2

[Event "España tch 1a Division Sur"]
[Site "Burguillos ESP"]
[Date "2007.08.24"]
[Round "4.34"]
[White "Tamayo Romay, Javier"]
[Black "Oussama, Omar"]
[Result "1/2-1/2"]
[WhiteElo "2234"]
[BlackElo "2330"]
[PlyCount "112"]
[EventDate "2007.08.22"]
[EventType "team"]
[EventRounds "1"]
[EventCountry "ESP"]
[EventCategory "1"]
[Source "lmi"]
[SourceDate "2007.08.22"]

1. e4 c5 2. Nf3 Nc6 3. d4 cxd4 4. Nxd4 Nf6 5. Nc3 e5 6. Ndb5 d6 7. Bg5 a6 8.
Na3 b5 9. Bxf6 gxf6 10. Nd5 Bg7 11. Bd3 Ne7 12. Nxe7 Qxe7 13. O-O O-O 14. Qf3
f5 15. exf5 d5 16. Qxd5 Bb7 17. Qb3 e4 18. Rfe1 Qe5 19. c3 Qxf5 20. Bf1 Kh8 21.
Nc2 Qh5 22. Rad1 Be5 23. g3 Rae8 24. a4 f5 25. Bg2 f4 26. Rd2 e3 27. Nxe3 fxe3
28. Rxe3 Bxg2 29. Kxg2 Bg7 30. Qd5 Qg4 31. Rxe8 Rxe8 32. axb5 axb5 33. Qxb5
Qe4+ 34. f3 Qe3 35. Rf2 Bf8 36. b4 Bg7 37. Rc2 Rf8 38. Qe2 Qb6 39. b5 Qc5 40.
c4 Bd4 41. Qe4 Bf6 42. Rd2 Qb4 43. Rd7 Qb2+ 44. Kh3 Bg7 45. b6 Qxb6 46. Qe7 Rg8
47. c5 Qb5 48. Kg2 Qb2+ 49. Kh3 Qf2 50. Rd8 Qf1+ 51. Kh4 Qxf3 52. Rxg8+ Kxg8
53. Qe8+ Bf8 54. c6 Qf6+ 55. Kh3 Qf1+ 56. Kg4 Qc4+ 1/2-1/2

[Event "España tch 1a Division Sur"]
[Site "Burguillos ESP"]
[Date "2007.08.24"]
[Round "4.41"]
[White "Campora Sivori, Daniel"]
[Black "Andres Gonzalez, Ivan"]
[Result "1-0"]
[WhiteElo "2530"]
[BlackElo "2392"]
[PlyCount "93"]
[EventDate "2007.08.22"]
[EventType "team"]
[EventRounds "1"]
[EventCountry "ESP"]
[EventCategory "1"]
[Source "lmi"]
[SourceDate "2007.08.22"]
[WhiteTeam "Tiendas UPI "]
[BlackTeam "Universidad Oviedo"]

1. d4 d5 2. c4 c6 3. Nc3 Nf6 4. Nf3 a6 5. c5 g6 6. Bf4 Bg7 7. e3 Nh5 8. Bxb8
Rxb8 9. Be2 Nf6 10. O-O O-O 11. b4 Nd7 12. Qc2 e5 13. dxe5 Nxe5 14. Nd4 Qe7 15.
Rad1 a5 16. a3 axb4 17. axb4 Bg4 18. e4 dxe4 19. Nxe4 Bxe2 20. Qxe2 Qh4 21. Nd6
b6 22. b5 bxc5 23. Nxc6 Nxc6 24. bxc6 Qd8 25. Nxf7 Qc7 26. Ng5 Qxc6 27. Qc4+
Kh8 28. Nf7+ Rxf7 29. Qxf7 c4 30. Rd7 Qf6 31. Qxc4 Rf8 32. f3 Qf5 33. Qc7 Qf6
34. Rfd1 h6 35. Rd8 Kh7 36. Rxf8 Qxf8 37. Rd7 Qf6 38. h3 Kh8 39. Qd8+ Qxd8 40.
Rxd8+ Kh7 41. Kf2 Bf6 42. Rd7+ Kg8 43. Ke3 Bg7 44. Ke4 Bf6 45. Kd5 Bc3 46. Ke6
Bb2 47. f4 1-0

[Event "España tch 1a Division Sur"]
[Site "Burguillos ESP"]
[Date "2007.08.24"]
[Round "4.42"]
[White "Gonzalez Menendez, Ivan"]
[Black "Almagro Mazariegos, Sebastian"]
[Result "1-0"]
[WhiteElo "2388"]
[BlackElo "2296"]
[PlyCount "89"]
[EventDate "2007.08.22"]
[EventType "team"]
[EventRounds "1"]
[EventCountry "ESP"]
[EventCategory "1"]
[Source "lmi"]
[SourceDate "2007.08.22"]
[WhiteTeam "Univ. Oviedo"]
[BlackTeam "Tiendas Upi "]

1. e4 c5 2. Nc3 d6 3. Nf3 a6 4. d4 cxd4 5. Nxd4 Nf6 6. Be2 e6 7. O-O Be7 8. f4
Qc7 9. Be3 Nc6 10. Kh1 O-O 11. Qe1 Nxd4 12. Bxd4 b5 13. a3 Bb7 14. Qg3 Bc6 15.
Rae1 Rab8 16. e5 Ne8 17. Bd3 g6 18. f5 exf5 19. e6 fxe6 20. Rxe6 Bf6 21. Bxf6
Rxf6 22. Bxf5 Rf7 23. Rxg6+ Ng7 24. Be6 hxg6 25. Rxf7 Qxf7 26. Bxf7+ Kxf7 27.
Qxd6 Re8 28. h3 Re6 29. Qc7+ Kf6 30. Qd8+ Kf7 31. Nd5 Nf5 32. Kh2 Bxd5 33. Qxd5
Kf6 34. b3 Rd6 35. Qc5 Re6 36. c4 bxc4 37. bxc4 Ne7 38. Qd4+ Kf7 39. c5 Nc6 40.
Qc4 Ne5 41. Qd5 Kf6 42. g4 g5 43. Kg3 Rc6 44. Qd8+ Kg6 45. Qe7 1-0

[Event "España tch 1a Division Sur"]
[Site "Burguillos ESP"]
[Date "2007.08.24"]
[Round "4.44"]
[White "Recuero Guerra, David"]
[Black "Castillo Gallego, Sergio"]
[Result "1-0"]
[WhiteElo "2378"]
[BlackElo "2207"]
[PlyCount "67"]
[EventDate "2007.08.22"]
[EventType "team"]
[EventRounds "1"]
[EventCountry "ESP"]
[EventCategory "1"]
[Source "lmi"]
[SourceDate "2007.08.22"]
[WhiteTeam "Universidad de Oviedo"]
[BlackTeam "Tiendas UPI "]

1. e4 e5 2. Nf3 Nc6 3. Bb5 Nge7 4. Nc3 g6 5. d4 exd4 6. Nd5 Bg7 7. Bg5 h6 8.
Bf6 Bxf6 9. Nxf6+ Kf8 10. Qd2 d6 11. O-O-O a6 12. Bxc6 Nxc6 13. Nd5 Be6 14.
Nxd4 Bxd5 15. exd5 Nxd4 16. Qxd4 Kg8 17. h4 h5 18. Rde1 Qf8 19. Rh3 Qg7 20.
Qxg7+ Kxg7 21. Re7 Rac8 22. Rf3 Rhf8 23. Kd2 Kg8 24. Rc3 Rfe8 25. Rcxc7 Rxe7
26. Rxe7 Rc5 27. Rxb7 Rxd5+ 28. Ke2 Kg7 29. Re7 Rc5 30. c3 a5 31. Re4 Kf6 32.
Kd3 d5 33. Re8 Rb5 34. b3 1-0

[Event "España tch 1a Division Sur"]
[Site "Burguillos ESP"]
[Date "2007.08.24"]
[Round "4.52"]
[White "Fernandez Garcia, Miguel Angel"]
[Black "Camacho Collados, Jose"]
[Result "1-0"]
[WhiteElo "2306"]
[BlackElo "2269"]
[PlyCount "123"]
[EventDate "2007.08.22"]
[EventType "team"]
[EventRounds "1"]
[EventCountry "ESP"]
[EventCategory "1"]
[Source "lmi"]
[SourceDate "2007.08.22"]
[WhiteTeam "Amigos del Retiro"]
[BlackTeam "Motril"]

1. Nf3 Nf6 2. g3 g6 3. Bg2 Bg7 4. O-O d5 5. d3 O-O 6. Nbd2 c5 7. e4 Re8 8. Re1
Nc6 9. c3 e5 10. h3 h6 11. b3 d4 12. c4 a5 13. a4 Ra6 14. Nh2 Bd7 15. Ndf1 Nb4
16. Ba3 Qc8 17. h4 g5 18. hxg5 hxg5 19. Nf3 Nh7 20. Bxb4 axb4 21. N3h2 g4 22.
f3 gxf3 23. Nxf3 Bg4 24. N1h2 Bh6 25. Qc2 Be3+ 26. Kh1 Rh6 27. Nh4 Bg5 28. Qf2
Nf6 29. Rf1 Kg7 30. Bf3 Bh3 31. Bg2 Bg4 32. Bf3 Be6 33. Bg2 Reh8 34. Rae1 Kf8
35. Re2 Be3 36. Rxe3 dxe3 37. Qxe3 Ke7 38. Kg1 b6 39. Qg5 Qd8 40. Qxe5 Qxd3 41.
Nf5+ Kf8 42. Nxh6 Qe3+ 43. Rf2 Rxh6 44. Qf4 Qxf4 45. gxf4 Rh4 46. f5 Bd7 47. e5
Rxh2 48. exf6 Rh5 49. Rd2 Ke8 50. Rd6 Kd8 51. Rxb6 Kc7 52. a5 Rg5 53. Rb7+ Kd6
54. Rxd7+ Kxd7 55. a6 Kc7 56. a7 Rxg2+ 57. Kxg2 Kb7 58. Kf3 Kxa7 59. Ke4 Kb7
60. Kd5 Kb6 61. Kd6 Kb7 62. Ke7 1-0

[Event "España tch 1a Division Sur"]
[Site "Burguillos ESP"]
[Date "2007.08.24"]
[Round "4.53"]
[White "Camacho Collados, Marcos"]
[Black "Garcia Cuenca, Victor"]
[Result "1/2-1/2"]
[WhiteElo "2239"]
[BlackElo "2303"]
[PlyCount "120"]
[EventDate "2007.08.22"]
[EventType "team"]
[EventRounds "1"]
[EventCountry "ESP"]
[EventCategory "1"]
[Source "lmi"]
[SourceDate "2007.08.22"]
[WhiteTeam "Motril"]
[BlackTeam "Amigos del Retiro"]

1. e4 c5 2. Nf3 e6 3. d4 cxd4 4. Nxd4 Nf6 5. Nc3 d6 6. Be3 a6 7. Be2 Be7 8. O-O
O-O 9. f4 Nc6 10. Qe1 Bd7 11. Kh1 b5 12. a3 Qb8 13. Qg3 b4 14. axb4 Qxb4 15.
Nxc6 Bxc6 16. e5 Ne4 17. Nxe4 Bxe4 18. exd6 Bxd6 19. Rad1 Rad8 20. Bd4 f6 21.
Qe3 Bxc2 22. Qxe6+ Kh8 23. Bc3 Qb6 24. Rd2 Bb3 25. Qf5 Bc7 26. Rxd8 Rxd8 27.
Bd3 Bg8 28. Rf3 Rd5 29. Qe4 Qe6 30. Rf1 a5 31. Qxe6 Bxe6 32. Bc4 Rd6 33. Bxe6
Rxe6 34. g3 h5 35. Rd1 Re4 36. Rd5 h4 37. Rc5 Bb6 38. Rb5 Bc7 39. Rh5+ Kg8 40.
Rxh4 Rc4 41. Kg2 a4 42. f5 Rxh4 43. gxh4 Kh7 44. Bd2 Be5 45. Bc1 g6 46. h5 gxh5
47. h3 Kg7 48. Kf3 Kf7 49. Ke4 Ke7 50. Kd5 Kd7 51. Kc5 Bc7 52. Kb5 Bg3 53. Bd2
Be5 54. Kxa4 Bxb2 55. Kb3 Ba1 56. Kc4 Kd6 57. Bf4+ Be5 58. Be3 Bb2 59. Bf4+ Be5
60. Be3 Bb2 1/2-1/2

[Event "España tch 1a Division Sur"]
[Site "Burguillos ESP"]
[Date "2007.08.24"]
[Round "4.54"]
[White "Vallejo Diaz, Javier"]
[Black "Fernandez Montoro, Jorge"]
[Result "1-0"]
[WhiteElo "2319"]
[BlackElo "2190"]
[PlyCount "87"]
[EventDate "2007.08.22"]
[EventType "team"]
[EventRounds "1"]
[EventCountry "ESP"]
[EventCategory "1"]
[Source "lmi"]
[SourceDate "2007.08.22"]
[WhiteTeam "Amigos del Retiro"]
[BlackTeam "Motril"]

1. e4 c5 2. Nf3 d6 3. c3 Nf6 4. h3 Nbd7 5. Bd3 b6 6. Qe2 Bb7 7. Bc2 e6 8. O-O
Rc8 9. d3 Be7 10. Nh2 e5 11. Nd2 O-O 12. f4 exf4 13. Rxf4 Qc7 14. Rf5 g6 15.
Rf2 d5 16. Ndf1 dxe4 17. dxe4 Rfe8 18. Ng4 Nxg4 19. Qxg4 Ne5 20. Qg3 Bd6 21.
Bf4 c4 22. Ne3 Re6 23. Nf5 Bc5 24. Nd4 Rce8 25. b4 cxb3 26. Bxb3 R6e7 27. Bxe5
Qxe5 28. Qxe5 Rxe5 29. Bxf7+ Kg7 30. Bxe8 Rxe8 31. Re2 Rxe4 32. Rxe4 Bxe4 33.
Kf1 Bd5 34. g3 Kf6 35. Kf2 h5 36. h4 a5 37. a4 g5 38. Ke3 Bd6 39. Rf1+ Kg6 40.
hxg5 Bxg3 41. Rf6+ Kh7 42. Nf5 Be5 43. Rh6+ Kg8 44. Ne7+ 1-0

[Event "España tch 1a Division Sur"]
[Site "Burguillos ESP"]
[Date "2007.08.24"]
[Round "4.61"]
[White "Perez Garcia, Roberto"]
[Black "Herraiz Hidalgo, Herminio"]
[Result "0-1"]
[WhiteElo "2206"]
[BlackElo "2481"]
[PlyCount "88"]
[EventDate "2007.08.22"]
[EventType "team"]
[EventRounds "1"]
[EventCountry "ESP"]
[EventCategory "1"]
[Source "lmi"]
[SourceDate "2007.08.22"]
[WhiteTeam "Alekhine-Espartinas"]
[BlackTeam "Almagro"]

1. e4 e6 2. d4 d5 3. Nc3 Nf6 4. e5 Nfd7 5. f4 c5 6. Nf3 Nc6 7. Be3 a6 8. Qd2 b5
9. dxc5 Bxc5 10. Bxc5 Nxc5 11. Bd3 Qb6 12. Qf2 b4 13. Ne2 a5 14. O-O Ba6 15. f5
exf5 16. Nf4 Ne7 17. e6 f6 18. Rad1 Bxd3 19. Nxd3 Rc8 20. Nf4 Qd6 21. Nd4 O-O
22. Nxf5 Nxf5 23. Nxd5 Ne7 24. Nxf6+ Rxf6 25. Qxf6 gxf6 26. Rxd6 Kg7 27. Re1 f5
28. Rd7 Kf6 29. Ra7 Nxe6 30. Rxa5 Rxc2 31. Rb5 Nc6 32. Rb6 Ned4 33. a4 b3 34.
a5 Rxb2 35. a6 Ra2 36. Rb1 Ke5 37. R1xb3 Nxb3 38. Rxc6 Nd2 39. Rh6 Ra1+ 40. Kf2
Ne4+ 41. Ke2 Nf6 42. h3 Ra2+ 43. Kf3 Ra3+ 44. Ke2 f4 0-1

[Event "España tch 1a Division Sur"]
[Site "Burguillos ESP"]
[Date "2007.08.24"]
[Round "4.62"]
[White "Garcia-Moral Garcia, Jose Daniel"]
[Black "Gonzalez Custodio, Rafael"]
[Result "1-0"]
[WhiteElo "2250"]
[BlackElo "2184"]
[PlyCount "91"]
[EventDate "2007.08.22"]
[EventType "team"]
[EventRounds "1"]
[EventCountry "ESP"]
[EventCategory "1"]
[Source "lmi"]
[SourceDate "2007.08.22"]
[WhiteTeam "Almagro"]
[BlackTeam "Alekhine Espartinas"]

1. e4 e6 2. d4 d5 3. Nc3 dxe4 4. Nxe4 Bd7 5. Nf3 Bc6 6. Bd3 Nd7 7. O-O Ngf6 8.
Ng3 Be7 9. c4 O-O 10. b3 b6 11. Bb2 Bb7 12. Qe2 c5 13. Rad1 cxd4 14. Nxd4 Qc7
15. Bb1 Nc5 16. Rfe1 Rfe8 17. Nb5 Qc6 18. f3 Ncd7 19. Kh1 a6 20. Nd4 Qc8 21. a3
Nf8 22. Rd2 Ng6 23. Red1 Qc5 24. Qe3 Rad8 25. b4 Qe5 26. Qf2 Qc7 27. Rc1 Bd6
28. Bxg6 hxg6 29. Nde2 Bxg3 30. Nxg3 Rxd2 31. Qxd2 Rd8 32. Qe2 Qf4 33. Nf1 g5
34. h3 Nh5 35. Qe5 Qxe5 36. Bxe5 Rd7 37. Kg1 f6 38. Bh2 e5 39. Rc3 Kf7 40. Kf2
g6 41. Ke2 e4 42. Nd2 exf3+ 43. Nxf3 Ng7 44. Bg1 Rd6 45. Rd3 Re6+ 46. Kd2 1-0

[Event "España tch 1a Division Sur"]
[Site "Burguillos ESP"]
[Date "2007.08.24"]
[Round "4.63"]
[White "Bernad Blanch, Alberto"]
[Black "Espinosa Aranda, Angel"]
[Result "0-1"]
[WhiteElo "1913"]
[BlackElo "2184"]
[PlyCount "40"]
[EventDate "2007.08.22"]
[EventType "team"]
[EventRounds "1"]
[EventCountry "ESP"]
[EventCategory "1"]
[Source "lmi"]
[SourceDate "2007.08.22"]
[WhiteTeam "Alekhine-Espartinas"]
[BlackTeam "Almagro"]

1. e4 c5 2. Nf3 d6 3. d4 cxd4 4. Nxd4 Nf6 5. Nc3 Nc6 6. Bc4 Bd7 7. Be3 Ng4 8.
Bg5 Qb6 9. Be3 Nxe3 10. fxe3 e6 11. O-O Be7 12. Rxf7 Kxf7 13. Qh5+ g6 14. Bxe6+
Bxe6 15. Qf3+ Ke8 16. Nxe6 Qxb2 17. Rf1 Qxc3 18. Qh3 Nd8 19. Nd4 Rf8 20. Rd1
Bg5 0-1